| 000 | 01074nmc a2200337 a 4500 | ||
|---|---|---|---|
| 003 | AR-BaBNM | ||
| 005 | 20251128204655.0 | ||
| 008 | 117019s1992 ||||||||||||||000 | spa|| | ||
| 040 | _cAR-BaBNM | ||
| 100 | 1 | _aSautu, Ruth | |
| 245 | 1 | 0 |
_aTeoría y medición del estatus ocupacional _bescalas ocupacionales objetivas y de prestigio |
| 260 |
_aBuenos Aires _bUniversidad de Buenos Aires _bFacultad de Ciencias Sociales _c1992 |
||
| 300 | 0 |
_a122 p. _btablas |
|
| 490 | 0 |
_aCuadernos del Instituto de Investigaciones de la Facultad de Ciencias Sociales _vv. 10 |
|
| 500 | 0 | _aEscala EGO: ESCALA DE GRUPOS OCUPACINALES | |
| 504 | _aBibliografía: p. 119-121 | ||
| 650 | 4 | _aTRABAJO | |
| 650 | 4 | _aCONDICIONES DE TRABAJO | |
| 650 | 4 | _aDATOS ESTADISTICOS | |
| 650 | 4 | _aCENSOS | |
| 650 | 4 | _aESTRUCTURA SOCIAL | |
| 650 | 4 | _aCONDICION PROFESIONAL | |
| 650 | 4 | _aOCUPACIONES | |
| 650 | 4 | _aPROFESIONES | |
| 650 | 4 | _aSOCIOLOGIA OCUPACIONAL | |
| 650 | 4 | _aSOCIOMETRIA | |
| 651 | 4 | _aArgentina | |
| 700 | 1 |
_aGriselli, Lucía _ecolaborador |
|
| 942 | _cBK | ||
| 998 | _cSILVI | ||
| 999 |
_c8348 _d8348 |
||